Statistics for Largest Cities in the World that End in 'r'

Click here to take the quiz!

General Stats

  • This quiz has been taken 87 times
  • The average score is 6 of 25

Answer Stats

#PopulationRegionAnswer% Correct
53,800,000AmericasDenver
61%
43,925,000AfricaDakar
59%
19,150,000AsiaKuala Lumpur
54%
102,900,000AmericasVancouver
49%
34,050,000AsiaJaipur
48%
63,625,000AmericasSalvador
43%
83,325,000AsiaNāgpur
34%
141,880,000AmericasSan Salvador
33%
25,650,000EuropeThe Ruhr
31%
211,430,000AsiaUlaanbaatar
31%
73,500,000AsiaKanpur
30%
93,050,000AsiaIzmir
26%
171,580,000AsiaDenpasar
20%
181,520,000AsiaJodhpur
18%
112,425,000AsiaPeshāwar
18%
211,430,000AsiaAmritsar
16%
131,920,000AsiaMakassar
15%
241,220,000AfricaAgadir
13%
161,640,000AsiaSrīnagar
13%
121,940,000AsiaBhubaneswar
7%
211,430,000AsiaGwalior
7%
151,700,000AsiaJamshedpur
7%
191,510,000AsiaJabalpur
5%
251,160,000AsiaHubli-Dhārwār
2%
201,450,000AsiaTirupur
2%

Score Distribution

Percentile by Number Answered

Percent of People with Each Score

Your Score History

You have not taken this quiz